[Event "XVI Lasker Mem Open A"]
[Site "Barlinek POL"]
[Date "2008.06.01"]
[Round "2"]
[White "Urban,K"]
[Black "Chochoy,P"]
[Result "1-0"]
[WhiteElo "2465"]
[BlackElo "1764"]

1.d4 Nf6 2.c4 g6 3.Nf3 Bg7 4.g3 O-O 5.Bg2 d6 6.Nc3 c5 7.d5 Bf5 8.Nd2 Bg4
9.h3 Bf5 10.O-O Na6 11.e4 Bc8 12.Nf3 Nd7 13.Re1 Nc7 14.a4 Ne5 15.Nxe5 Bxe5
16.Bg5 Bd7 17.Qd2 f6 18.Bh6 Rf7 19.Kh2 Qc8 20.f4 Bd4 21.Ne2 e5 22.dxe6 Nxe6
23.f5 gxf5 24.exf5 Ng5 25.h4  1-0

[Event "XXX Nezhmetdinov Mem"]
[Site "Kazan RUS"]
[Date "2008.06.01"]
[Round "1"]
[White "Skomorokhin,R"]
[Black "Apsatarov,I"]
[Result "1-0"]
[WhiteElo "2378"]
[BlackElo "1984"]

1.d4 Nf6 2.c4 g6 3.Nf3 Bg7 4.g3 O-O 5.Bg2 d6 6.O-O Nbd7 7.Qc2 e5 8.Rd1 Re8
9.e4 b6 10.dxe5 dxe5 11.Nc3 Bb7 12.Bg5 Qb8 13.Nd5 h6 14.Bd2 Kh7 15.b4 c5
16.Rab1 Bf8 17.a3 Nxd5 18.cxd5 Qd8 19.Bc3 cxb4 20.axb4 Rc8 21.Qb2 Bd6 22.Bh3 f6
23.Nh4 Rc4 24.Re1 Qe7 25.Bd2 Rec8 26.Qa3 a6 27.Qe3 g5 28.Bf5+ Kg8 29.Be6+ Kh7
30.Nf5 Qf8 31.Bxd7 R8c7 32.Nxd6 Qxd6 33.Bf5+ Kg7  1-0

[Event "ch-CHN w"]
[Site "Beijing CHN"]
[Date "2008.06.04"]
[Round "7"]
[White "Ju Wenjun"]
[Black "Gu Xiaobing"]
[Result "0-1"]
[WhiteElo "2374"]
[BlackElo "2225"]

1.d4 Nf6 2.c4 g6 3.Nf3 Bg7 4.g3 d6 5.Bg2 O-O 6.O-O c5 7.Nc3 Nc6 8.dxc5 dxc5
9.Be3 Qa5 10.Qb3 Ng4 11.Bf4 e5 12.Bd2 f5 13.Rfd1 Nf6 14.Nd5 Qd8 15.Bg5 Qa5
16.Bd2 Qd8 17.Bc3 Nxd5 18.cxd5 Nd4 19.Nxd4 exd4 20.Bd2 Re8 21.e3 Qb6 22.exd4 cxd4
23.Rac1 Bd7 24.Qxb6 axb6 25.Rc7 Bb5 26.d6 Rad8 27.Bb4 Be5 28.Rxb7 Bxd6 29.Rxb6 Be2
30.Bd5+ Kh8 31.Rxd4 Bxb4 32.Rbxb4 Rxd5 33.Kg2 Rc5 34.a4 g5 35.h3 g4  0-1

[Event "58th ch-RUS w HL"]
[Site "Chelyabinsk RUS"]
[Date "2008.06.04"]
[Round "1"]
[White "Matveeva,S"]
[Black "Tomilova,E"]
[Result "1-0"]
[WhiteElo "2420"]
[BlackElo "2303"]

1.d4 g6 2.c4 Bg7 3.Nf3 d6 4.g3 Nf6 5.Bg2 O-O 6.O-O Nc6 7.d5 Na5 8.Nfd2 c5
9.a3 Nd7 10.Ra2 Ne5 11.b3 Bd7 12.Bb2 b5 13.f4 Ng4 14.Bxg7 Kxg7 15.Qc2 Kg8
16.Qc3 bxc4 17.bxc4 Rb8 18.h3 Nf6 19.e4 Ba4 20.Rb2 Rxb2 21.Qxb2 Qb8 22.Qc3 Qc7
23.Qd3 Rb8 24.Nc3 Bd7 25.Rb1 Rb6 26.Bf1 Qb8 27.Qc2 e6 28.Kh2 exd5 29.cxd5 Rxb1
30.Ncxb1 Qb6 31.Nc3 c4 32.Nd1 Qc5 33.Qc3 Nh5 34.Ne3 Nb3 35.Ndxc4 Nd4 36.Qb4 Bb5
37.Qxc5 dxc5 38.e5 Kf8 39.Kg2 Ng7 40.g4 h5 41.Kf2 h4 42.Bd3 Ne8 43.d6 Ng7
44.Ng2 Bxc4 45.Bxc4 Nc2 46.a4 Na3 47.Ne3 Nxc4 48.Nxc4 Ne6 49.Kf3 Ke8 50.g5 Kd7
51.Ke4 Kc6 52.Ne3 Nd4 53.f5 Ne2 54.e6 Ng3+ 55.Ke5 fxe6 56.fxe6  1-0

[Event "ch-URU"]
[Site "Montevideo URU"]
[Date "2008.06.05"]
[Round "8"]
[White "Lopez Falcon,J"]
[Black "Larrea,M"]
[Result "1/2-1/2"]
[WhiteElo "2158"]
[BlackElo "2342"]

1.d4 Nf6 2.c4 g6 3.g3 Bg7 4.Bg2 O-O 5.Nf3 d6 6.O-O Nbd7 7.Nc3 e5 8.e4 exd4
9.Nxd4 Re8 10.Re1 a6 11.h3 Rb8 12.Be3 Ne5 13.b3 c5 14.Nc2 b5 15.f4 Ned7 16.Qxd6 b4
17.Na4 Nxe4 18.Bxe4 Rxe4 19.Bxc5 Bxa1 20.Rxe4 Bf6 21.Nd4 Bb7 22.Nc6 Bxc6
23.Qxc6 Nxc5 24.Nxc5 Qd1+ 25.Kg2 Bd4 26.Re8+ Kg7 27.Ne6+ fxe6 28.Re7+ Kh6
29.Qxe6 Rb6 30.Qf7 Qd2+ 31.Kf3 Qd3+ 32.Kg2 Qc2+ 33.Kf3 Qc3+ 34.Kg2 Qc2+ 35.Kf3 Qc3+
36.Kg2  1/2-1/2

[Event "ch-CHN w"]
[Site "Beijing CHN"]
[Date "2008.06.08"]
[Round "11"]
[White "Shen Yang"]
[Black "Zhang Xiaowen"]
[Result "1/2-1/2"]
[WhiteElo "2439"]
[BlackElo "2361"]

1.d4 Nf6 2.Nf3 g6 3.c4 Bg7 4.g3 O-O 5.Bg2 d6 6.O-O Nc6 7.Nc3 a6 8.b3 e5 9.d5 Ne7
10.e4 Nd7 11.b4 a5 12.bxa5 Rxa5 13.a4 f5 14.Ba3 Nc5 15.Nd2 Bd7 16.Bb4 Ra8
17.a5 Na6 18.Ba3 Nc8 19.Nb3 b6 20.axb6 cxb6 21.Nb5 Bxb5 22.cxb5 Nc7 23.Bb2 Rxa1
24.Qxa1 Nxb5 25.Rc1 Rf7 26.Qa6 Nba7 27.Rc4 Rc7 28.exf5 gxf5 29.Bh3 Rxc4 30.Qxc4 Ne7
31.Ba3 Qd7 32.Nd2 b5  1/2-1/2

[Event "XXX Nezhmetdinov Mem"]
[Site "Kazan RUS"]
[Date "2008.06.09"]
[Round "9"]
[White "Bocharov,D"]
[Black "Fedorov,Alex"]
[Result "1/2-1/2"]
[WhiteElo "2569"]
[BlackElo "2603"]

1.d4 Nf6 2.Nf3 g6 3.c4 Bg7 4.g3 O-O 5.Bg2 d6 6.Nc3 Nc6 7.O-O a6 8.b3 Rb8
9.d5 Na5 10.Bb2 c5  1/2-1/2

[Event "TCh-BIH"]
[Site "Neum BIH"]
[Date "2008.06.11"]
[Round "8"]
[White "Blagojevic,Dr"]
[Black "Dujkovic,S"]
[Result "1-0"]
[WhiteElo "2532"]
[BlackElo "2415"]

1.d4 Nf6 2.c4 g6 3.Nf3 Bg7 4.g3 O-O 5.Bg2 d6 6.O-O Nc6 7.Nc3 Rb8 8.b3 a6
9.e3 b5 10.Qe2 b4 11.Nd5 Nh5 12.Bb2 e6 13.Nf4 Nxf4 14.exf4 Ne7 15.Rfd1 Bb7
16.Ne1 Bxg2 17.Kxg2 Qc8 18.Rd2 Re8 19.Nc2 c5 20.Rad1 Nf5 21.Ba1 h5 22.dxc5 Bxa1
23.Rxa1 dxc5 24.Rad1 Rb7 25.Qe4 Rbe7 26.Kg1 e5 27.fxe5 Rxe5 28.Qxe5 Rxe5
29.Rd8+ Re8 30.Rxc8 Rxc8 31.Rd5 a5 32.Ne1 Nd4 33.Nd3 Ne6 34.Kg2 Kf8 35.Rd7 a4
36.bxa4 Ra8 37.Nb2 Ke8 38.Rd5 Ra5 39.Kf3 Nc7 40.Rd3 Ne6 41.Ke4 Nd4 42.Kd5 Kd7
43.Re3 f6 44.Nd3 Ne6  1-0

[Event "ch-Panamerican U20 Girls"]
[Site "Cali COL"]
[Date "2008.06.14"]
[Round "7"]
[White "Cori T.,D"]
[Black "Castrillon Gomez,M"]
[Result "1-0"]
[WhiteElo "2208"]
[BlackElo "1946"]

1.d4 Nf6 2.Nf3 g6 3.c4 Bg7 4.g3 O-O 5.Bg2 d6 6.Nc3 Nbd7 7.O-O e5 8.e4 exd4
9.Nxd4 a6 10.b3 Re8 11.Bb2 Rb8 12.Re1 c5 13.Nc2 Ne5 14.Qd2 Nc6 15.Rad1 Qa5
16.Nd5 Nxd5 17.Qxa5 Nxa5 18.Bxg7 Kxg7 19.Rxd5 b5 20.cxb5 axb5 21.Rxd6 c4
22.b4 Nb7 23.Rb6 Ra8 24.a3 Re6 25.Rxb5 Nd6 26.Rc5 Bd7 27.e5 Rae8 28.Rd1 Ba4
29.Nd4  1-0

[Event "ch-Panamerican U20"]
[Site "Cali COL"]
[Date "2008.06.15"]
[Round "9"]
[White "Fernandez,Fe"]
[Black "Panesso,H"]
[Result "1/2-1/2"]
[WhiteElo "2231"]
[BlackElo "2229"]

1.d4 Nf6 2.Nf3 g6 3.c4 Bg7 4.g3 O-O 5.Bg2 d6 6.O-O c5 7.dxc5 dxc5 8.Nc3 Nc6
9.Bf4 Be6 10.Ne5 Qxd1 11.Rfxd1 Na5 12.Nd3 Bxc4 13.Nxc5 Nh5 14.Nxb7 Nxb7 15.Bxb7 Nxf4
16.Bxa8 Bxc3 17.gxf4 Bxb2 18.Rab1 Bf6 19.Bf3 Bxa2 20.Rb7 a5 21.Bd5 Bxd5 22.Rxd5 Ra8
23.Rdd7 Rc8 24.Rdc7 Rd8 25.Ra7 Rd2 26.Kf1 Rd4 27.Rxa5 Rxf4 28.e3 Rg4 29.f4 h5
30.Rc2 Kg7 31.Rg2 Rh4 32.Ke2 Rh3 33.Rd5 e6 34.Rd7  1/2-1/2

[Event "8th TCh-Euro U18 Girls"]
[Site "Szeged HUN"]
[Date "2008.06.15"]
[Round "2"]
[White "Ignacz,M"]
[Black "Vombek,S"]
[Result "1-0"]
[WhiteElo "2173"]
[BlackElo "1888"]

1.d4 Nf6 2.c4 g6 3.Nf3 Bg7 4.g3 O-O 5.Bg2 d6 6.Nc3 c5 7.dxc5 dxc5 8.Qxd8 Rxd8
9.Bg5 Nc6 10.Nd2 Bd7 11.O-O h6 12.Be3 Nd4 13.Bxd4 cxd4 14.Nb5 Bc6 15.Nb3 Bxg2
16.Kxg2 e5 17.Rfd1 a6 18.Na3 Bf8 19.c5 Ne4 20.Nc4 f6 21.Nca5 Nxc5 22.Nxc5 Bxc5
23.Nxb7 Rdc8 24.Nxc5 Rxc5 25.Rac1 Rac8 26.Rxc5 Rxc5 27.Rd2 Kf7 28.e3 dxe3
29.fxe3 Ke6 30.Kf3 Rc6 31.h3 Rc4 32.Ke2 e4 33.Kd1 Rc6 34.Rc2 Rd6+ 35.Ke2 h5
36.Rc4 Ke5 37.Rc5+ Ke6 38.h4 Rb6 39.b3 Rd6 40.Ke1 f5 41.Ke2 Kf6 42.Rc8 Ke7
43.Rc4 Ke6 44.Rd4 Rc6 45.Kd2 Ke5 46.Rc4 Rd6+ 47.Ke2 Ke6 48.Rc8 Kf6 49.Rf8+ Ke7
50.Rc8 Kf6 51.Rc3 Ke6 52.b4 Kd7 53.a4 Rb6 54.Rc4 Ke6 55.Kd2 Kd5 56.Kc3 Kd6
57.Rc5 Rb8 58.Kc4 Rb6 59.b5 axb5+ 60.axb5 Kd7 61.Kd5 Rd6+ 62.Ke5 Re6+ 63.Kd4 Rb6
64.Rd5+ Kc7 65.Ke5 Rb8 66.Kf6 Rb6+ 67.Kg5 Re6 68.Rc5+ Kb6 69.Rc6+ Rxc6 70.bxc6 Kxc6
71.Kxg6 Kd6 72.Kxf5 Kd5 73.Kf4  1-0

[Event "XXVI Balatoni Sakkfesztival IM"]
[Site "Balatonlelle HUN"]
[Date "2008.06.17"]
[Round "4"]
[White "Mitscherling,A"]
[Black "Wittmann,W"]
[Result "1/2-1/2"]
[WhiteElo "2281"]
[BlackElo "2279"]

1.Nf3 Nf6 2.g3 g6 3.Bg2 Bg7 4.c4 d6 5.d4 O-O 6.O-O Nc6 7.Nc3 Bf5 8.d5 Na5
9.Nd4 Bd7 10.b3 c5 11.dxc6 Nxc6 12.Bb2 Qa5 13.Nd5 Nxd5 14.Bxd5 Rac8 15.Nxc6 Bxc6
16.Bxg7 Kxg7 17.Bxc6 Rxc6 18.Qd4+ Kg8 19.Rfd1  1/2-1/2

[Event "Serbia Cup"]
[Site "Zlatibor SRB"]
[Date "2008.06.18"]
[Round "3"]
[White "Sekulic,D"]
[Black "Adzic,M"]
[Result "1-0"]
[WhiteElo "2351"]
[BlackElo "2244"]

1.d4 Nf6 2.Nf3 g6 3.c4 Bg7 4.g3 O-O 5.Bg2 d6 6.Nc3 Nbd7 7.O-O e5 8.Qc2 c6
9.Rd1 Re8 10.e4 Qc7 11.h3 h6 12.Be3 g5 13.c5 dxc5 14.dxc5 Nf8 15.Nd2 Be6
16.Na4 Red8 17.b3 Rd7 18.Nb2 Rad8 19.Bf1 Ne8 20.f3 Ng6 21.Rac1 Kh7 22.Nbc4 Kg8
23.Kh2 Bf8 24.b4 Ne7 25.Qa4 Nc8 26.Be2 Ng7 27.Na5 a6 28.Qc2 f6 29.Ndc4 Bf7
30.Rxd7 Rxd7 31.Rd1 Ne6 32.Rxd7 Qxd7 33.Qd3 Qc7 34.Nb3 Be7 35.Nca5 Kg7 36.a3 Nf8
37.Nd2 Be6 38.Bf2 Bd8 39.Ndc4 Be7 40.Nb6 Nxb6 41.cxb6 Qc8 42.Qc3 Nd7 43.Bxa6 Nb8
44.Bxb7 Qd7 45.Bxc6 Qd1 46.Bb5  1-0

[Event "Serbia Cup"]
[Site "Zlatibor SRB"]
[Date "2008.06.18"]
[Round "3"]
[White "Arsovic,G"]
[Black "Markus,Rob"]
[Result "0-1"]
[WhiteElo "2469"]
[BlackElo "2557"]

1.d4 Nf6 2.Nf3 g6 3.g3 Bg7 4.Bg2 O-O 5.c4 d6 6.Nc3 Nbd7 7.O-O e5 8.e4 a6
9.Qc2 exd4 10.Nxd4 Re8 11.Rd1 Ne5 12.c5 Bd7 13.cxd6 cxd6 14.b3 Rc8 15.Bb2 b5
16.Qd2 Qb6 17.h3 b4 18.Nd5 Nxd5 19.exd5 a5 20.Rac1 Rxc1 21.Qxc1 Bb5 22.Bf1 Bxf1
23.Kxf1 Qa6+ 24.Kg1 Nd3 25.Qd2 Nxb2 26.Qxb2 Re4  0-1

[Event "TCh-TUR"]
[Site "Kocaeli TUR"]
[Date "2008.06.24"]
[Round "1"]
[White "Goksel,D"]
[Black "Guseinov,G"]
[Result "1-0"]
[WhiteElo "2263"]
[BlackElo "2625"]

1.Nf3 g6 2.d4 Bg7 3.c4 Nf6 4.g3 O-O 5.Bg2 d6 6.O-O Nbd7 7.Nc3 e5 8.e4 exd4
9.Nxd4 Nc5 10.h3 Re8 11.Re1 a5 12.Rb1 a4 13.b4 axb3 14.axb3 h6 15.Kh2 Bd7
16.Bf4 Nh7 17.Qd2 h5 18.b4 Ne6 19.Be3 c6 20.Nde2 Ra3 21.Qb2 Qa8 22.Ra1 Rxa1
23.Rxa1 Qb8 24.Qd2 h4 25.Rd1 hxg3+ 26.fxg3 Be5 27.c5 dxc5 28.bxc5 Bc8 29.Na4 Ng7
30.Nb6 Nh5 31.Qe1 Be6 32.Nd7 Bxd7 33.Rxd7 N7f6 34.Rd1 Bc7 35.Qf2 Nxg3 36.Nxg3 Nh5
37.Kg1 Bxg3 38.Qf3 Re6 39.Bg5 Qe5 40.Rd8+ Re8 41.Rd7 Bf4 42.Bxf4 Nxf4 43.Rxb7 Rd8
44.Qb3 Ne6 45.Qf3 Ng5 46.Qg4 Rd2 47.Rb1 Ne6 48.Kh1 Nf4 49.Bf3 Nd3 50.Qc8+  1-0

[Event "TCh-TUR"]
[Site "Kocaeli TUR"]
[Date "2008.06.24"]
[Round "2"]
[White "Genc,C"]
[Black "Ataman,A"]
[Result "1/2-1/2"]
[WhiteElo "2227"]
[BlackElo "2231"]

1.d4 Nf6 2.c4 g6 3.Nf3 Bg7 4.g3 O-O 5.Bg2 d6 6.Nc3 Nbd7 7.O-O a6 8.h3 c5
9.d5 b5 10.cxb5 axb5 11.Nxb5 Nb6 12.Nc3 Ba6 13.Re1 Nc4 14.Qc2 Nd7 15.Nd2 Qa5
16.Nxc4 Bxc4 17.Bd2 Rfb8 18.b3 Ba6 19.a4 Qb6 20.Reb1 Bd4 21.Be1 Qd8 22.Ra2 Qf8
23.e3 Be5 24.Nd1 Qg7 25.Nb2 h5 26.h4 Bf6 27.Nc4 Ne5 28.Nxe5 Bxe5 29.Bf1 Qf8
30.Bxa6 Rxa6 31.b4 cxb4 32.Rxb4 Rba8 33.Rc4 Bf6 34.Rc6 Qb8 35.Kh2 Qb7 36.a5 Kh7
37.Qc4 R6a7 38.Rb6 Qd7 39.a6 Qf5 40.Kg2 Rc8 41.Rc6 Rb8 42.Bd2 Qb1 43.Ba5 Rb3
44.Rc2 Ra3 45.Bd2 R3xa6 46.Rxa6 Rxa6 47.Qxa6 Qxc2 48.Qa5 Qe4+ 49.Kf1 Qd3+
50.Ke1 Qb1+ 51.Ke2 Qb3 52.e4 Qc4+ 53.Kf3 Qd3+ 54.Be3  1/2-1/2

[Event "TCh-TUR"]
[Site "Kocaeli TUR"]
[Date "2008.06.24"]
[Round "2"]
[White "Khurtsidze,N"]
[Black "Topel,Z"]
[Result "1-0"]
[WhiteElo "2413"]
[BlackElo "2234"]

1.d4 Nf6 2.c4 g6 3.Nf3 Bg7 4.g3 d6 5.Bg2 O-O 6.O-O Nc6 7.d5 Ne5 8.Nxe5 dxe5
9.Nc3 Rb8 10.b3 Bf5 11.e4 Bg4 12.f3 Bd7 13.Be3 b6 14.c5 Qc8 15.Rc1 Rd8 16.Qe2 c6
17.dxc6 Qxc6 18.Rfd1 bxc5 19.Na4 Be8 20.Rxc5 Rxd1+ 21.Qxd1 Qb7 22.Ra5 a6
23.Nc5 Qc7 24.Qe1 Rb5 25.Rxb5 axb5 26.Bf1 Bh6 27.Bf2 Qa7 28.a4 bxa4 29.bxa4 Bc6
30.a5 Nd7 31.Qc3 Nxc5 32.Qxc5 Qxc5 33.Bxc5 Bd2 34.a6 e6 35.Bc4 Kg7 36.Kf2 Kf6
37.Ke2 Ba5 38.Kd3 h5 39.a7 h4 40.g4 Kg5 41.Be3+ Kf6 42.Bc5 Kg5 43.Ke3 Kf6
44.h3 Kg5 45.Be7+ Kh6 46.Bc5 Kg5 47.Bb5 Ba8 48.Be8 Kf6 49.Kd3 Bb7 50.Kc4 Ba6+
51.Kb3 Bb7 52.Ka4  1-0

[Event "12th North American FIDE Inv"]
[Site "Chicago USA"]
[Date "2008.06.25"]
[Round "7"]
[White "Arnold,M"]
[Black "Yuan Yuanling"]
[Result "1/2-1/2"]
[WhiteElo "2276"]
[BlackElo "2119"]

1.d4 Nf6 2.Nf3 g6 3.c4 Bg7 4.g3 O-O 5.Bg2 d6 6.O-O Nc6 7.Nc3 a6 8.b3 Rb8
9.Nd5 b5 10.Nxf6+ Bxf6 11.cxb5 axb5 12.Bb2 Bd7 13.Rc1 e6 14.Qd2 Qe7 15.e4 Rfc8
16.d5 Nd8 17.e5 Bg7 18.dxe6 Nxe6 19.Ba3 Bf8 20.Rfe1 c5 21.Rcd1 Rb6 22.Bb2 Be8
23.Qe2 Bg7 24.Bh3 dxe5 25.Bxe5 Bxe5 26.Qxe5 Rd8 27.Rxd8 Qxd8 28.Bxe6 Rxe6
29.Qxc5 Rxe1+ 30.Nxe1 Qd1 31.Qe3 Bc6 32.Kf1 Bd7 33.f3 Qa1 34.Qe2 Bh3+ 35.Kg1 Bf5
36.Kf2 b4 37.Qd2 Bb1 38.Qxb4 Qb2+ 39.Ke3 Qe5+ 40.Kd2 Qb2+ 41.Ke3  1/2-1/2

[Event "White Nights Open"]
[Site "St Petersburg RUS"]
[Date "2008.06.25"]
[Round "5"]
[White "Nikolaev,V RUS"]
[Black "Ermolov,V"]
[Result "1-0"]
[WhiteElo "2163"]
[BlackElo "2035"]

1.d4 Nf6 2.Nf3 g6 3.c4 Bg7 4.g3 O-O 5.Bg2 d6 6.O-O c5 7.Nc3 Nbd7 8.b3 cxd4
9.Nxd4 a6 10.Bb2 Qc7 11.Rc1 Nc5 12.Nd5 Nxd5 13.cxd5 Qd8 14.b4 Nd7 15.Bc3 Ne5
16.f4 Ng4 17.Qd2 Qb6 18.h3 Nh6 19.g4 Bd7 20.Kh1 Rac8 21.Bb2 e5 22.fxe5 Rxc1
23.Rxc1 Bxe5 24.e4 Kg7 25.g5 Ng8 26.Nf3 f6 27.gxf6+ Bxf6 28.e5 dxe5 29.Nxe5 Bf5
30.Nc4 Qd8 31.d6 Bxb2 32.Qxb2+ Nf6 33.Qd4 Qc8 34.Rc3 Rd8 35.Nb6 Rxd6 36.Qxf6+ Rxf6
37.Nxc8 b5 38.Rc7+ Kh6 39.Ne7 Kg5 40.Nxf5 Rxf5 41.Rc5 Kf4 42.Rxf5+ gxf5 43.Bb7 Ke3
44.Bxa6 Kd4 45.Bxb5 Kc3 46.a3 Kb3 47.Be2  1-0

[Event "TCh-TUR"]
[Site "Kocaeli TUR"]
[Date "2008.06.29"]
[Round "10"]
[White "Goksel,D"]
[Black "Grivas,E"]
[Result "0-1"]
[WhiteElo "2263"]
[BlackElo "2498"]

1.Nf3 Nf6 2.d4 g6 3.c4 Bg7 4.g3 O-O 5.Bg2 d6 6.O-O Nc6 7.Nc3 Bf5 8.d5 Na5
9.Nd4 Bd7 10.b3 c5 11.dxc6 bxc6 12.Bb2 Rb8 13.Rb1 c5 14.Nc2 Nc6 15.Qd2 Nb4
16.e4 a5 17.Ne3 Ng4 18.Nxg4 Bxg4 19.Nd5 Bxb2 20.Rxb2 Nxd5 21.exd5 a4 22.Re1 Re8
23.Qg5 Bf5 24.g4 Bd7 25.Qf4 axb3 26.axb3 Qa5 27.Reb1 Qc3 28.h3 Rb4 29.Qg5 Kg7
30.Kh2 h6 31.Qf4 Reb8 32.Re2 Qf6 33.Qxf6+ Kxf6 34.Rbe1 e5 35.dxe6 Bxe6 36.Rd2 R8b6
37.Red1 Ke7 38.Ra1 Rxb3 39.Ra7+ Kf6 40.Bd5 Rb2 41.Rxb2 Rxb2 42.Bxe6 Ke5  0-1

[Event "XII Izmailov Mem"]
[Site "Tomsk RUS"]
[Date "2008.06.29"]
[Round "5"]
[White "Zhumabayev,R"]
[Black "Voitsekhovsky,S"]
[Result "1-0"]
[WhiteElo "2442"]
[BlackElo "2511"]

1.d4 Nf6 2.Nf3 g6 3.c4 Bg7 4.g3 O-O 5.Bg2 d6 6.O-O c6 7.Nc3 Qa5 8.h3 e5 9.e4 Nbd7
10.Re1 exd4 11.Nxd4 Re8 12.Be3 Ne5 13.Bf1 c5 14.Nb3 Qb4 15.Bg5 Be6 16.a3 Qb6
17.Nd2 a6 18.Be3 Qc7 19.Rc1 Nc6 20.Nd5 Qd8 21.Kh2 Nd7 22.b4 b6 23.Rb1 Nd4
24.f4 Nf6 25.Bg2 Nxd5 26.cxd5 Bd7 27.a4 Rc8 28.Nc4 Qc7 29.bxc5 bxc5 30.Bd2 Bf8
31.Ba5 Qa7 32.Bb6 Qa8 33.e5 dxe5 34.fxe5 a5 35.Bxa5 Bf5 36.Rc1 Qa6 37.Bb6 h5
38.Rc3 Ra8 39.a5 Qb5 40.Nd6 Qb2 41.Nxe8 Qxc3 42.Nf6+ Kg7 43.d6 Rb8 44.d7 h4
45.g4 Qg3+ 46.Kh1 Bc2 47.Qd2 Nf3 48.Bxf3 Qxf3+ 49.Qg2 Qc3 50.Rc1 Qxe5 51.Ne8+ Kh7
52.Qxc2 Qe3 53.Nf6+  1-0

[Event "Sparkassen Open"]
[Site "Dortmund GER"]
[Date "2008.06.30"]
[Round "1"]
[White "Kahleys,K"]
[Black "Goemann,J"]
[Result "1/2-1/2"]
[WhiteElo "1955"]
[BlackElo "2150"]

1.d4 Nf6 2.c4 g6 3.Nf3 Bg7 4.g3 O-O 5.Bg2 d6 6.O-O c6 7.Nc3 Qa5 8.e4 Bg4
9.h3 Bxf3 10.Bxf3 e5 11.d5 cxd5 12.cxd5 Na6 13.Be3 Rfc8 14.a3 Qd8 15.Rc1 Qd7
16.Bg2 h5 17.f4 exf4 18.gxf4 Qe7 19.Bd4 Nc5 20.Re1 Bh6 21.b4 Ncd7 22.Qf3 Rc4
23.Rcd1 Re8 24.e5 Rxd4 25.Rxd4 dxe5 26.fxe5 Nxe5 27.Qd1 Nf3+ 28.Bxf3 Qxe1+
29.Qxe1 Rxe1+ 30.Kg2 Be3 31.Rd3 Nd7 32.d6 Ne5 33.Rd1 Nxf3 34.Kxf3 Rxd1 35.Nxd1 Bg5
36.Ke4 Kf8 37.Kd5 Ke8 38.Nc3 Kd7 39.Ne4 Be3 40.a4 a6 41.Ke5 f5 42.Nf6+ Kd8
43.b5 axb5 44.axb5 Bg5  1/2-1/2

[Event "XIX ch-Panam U18"]
[Site "Villa Carlos Paz ARG"]
[Date "2008.06.30"]
[Round "1"]
[White "Llacsahuanga,D"]
[Black "Gonzalez Chavez,E"]
[Result "1/2-1/2"]
[WhiteElo "1825"]
[BlackElo "2127"]

1.Nf3 Nf6 2.c4 g6 3.g3 Bg7 4.Bg2 d6 5.d4 O-O 6.O-O Nbd7 7.Nc3 Nh5 8.e4 e5
9.Bg5 Bf6 10.Bxf6 Nhxf6 11.h3 Re8 12.Re1 a5 13.d5 Nc5 14.Qc2 Bd7 15.b3 Qc8
16.Kh2 Nh5 17.a3 a4 18.Nd2 axb3 19.Nxb3 Nxb3 20.Qxb3 b6 21.Nb5 Rf8 22.Qe3 Ng7
23.f4 f6 24.fxe5 fxe5 25.Rf1 Qb7 26.g4 Rxf1 27.Rxf1 Rf8 28.Rxf8+ Kxf8 29.Bf3 Bxb5
30.cxb5 Qc8 31.g5 Qd7 32.Qe2 Qf7 33.Qe3 Ne8 34.Bg4 Ng7 35.Kg3 Ke7 36.Qc3 Kd8
37.Qf3 Ke7 38.Qxf7+ Kxf7 39.h4 Nh5+ 40.Bxh5 gxh5 41.Kf3  1/2-1/2

[Event "Svein Johannessen Mem"]
[Site "Oslo NOR"]
[Date "2008.07.01"]
[Round "9"]
[White "Einarsen,K"]
[Black "Kislik,E"]
[Result "1-0"]
[WhiteElo "1902"]
[BlackElo "2278"]

1.Nf3 Nf6 2.d4 g6 3.c4 Bg7 4.g3 O-O 5.Bg2 d6 6.O-O Nc6 7.Nc3 a6 8.b3 Rb8
9.Bb2 Bd7 10.Qc2 b5 11.cxb5 axb5 12.e4 Re8 13.Rfe1 Nb4 14.Qe2 c6 15.a3 Na6
16.e5 Ng4 17.h3 Nh6 18.Ng5 Nc7 19.Nce4 f6 20.Nf3 Nf7 21.Rad1 Be6 22.Qc2 Qd7
23.g4 Nd5 24.Ng3 Nf4 25.Ne2 Nxg2 26.Kxg2 Bd5 27.Nf4 Bxf3+ 28.Kxf3 Ng5+ 29.Kg3 Ne6
30.Nxe6 Qxe6 31.d5 cxd5 32.exf6 Qf7 33.fxg7 e5 34.Qc6 d4 35.Qxd6 Qxb3+ 36.Kg2 Qxb2
37.Rxe5 Red8 38.Qf6 Qxa3 39.Re7 Qa8+ 40.Kg1 Qa2 41.Rde1 d3 42.R1e6 Qa1+ 43.Qxa1 d2
44.Qf6 d1=Q+ 45.Kh2  1-0

[Event "XII Izmailov Mem"]
[Site "Tomsk RUS"]
[Date "2008.07.02"]
[Round "8"]
[White "Temirbayev,S"]
[Black "Nevostrujev,V"]
[Result "1-0"]
[WhiteElo "2485"]
[BlackElo "2466"]

1.d4 Nf6 2.c4 g6 3.Nf3 Bg7 4.g3 O-O 5.Bg2 d6 6.O-O Nbd7 7.Nc3 e5 8.Qc2 exd4
9.Nxd4 Re8 10.Rd1 a5 11.h3 Nc5 12.e4 c6 13.Bf4 a4 14.Nde2 Re6 15.Rab1 Nh5
16.Be3 Qa5 17.b4 axb3 18.axb3 Qc7 19.b4 Nd7 20.Qb3 Nhf6 21.Rd2 Nf8 22.Rbd1 Ne8
23.Na4 Re7 24.Nb6 Rb8 25.c5 dxc5 26.Bxc5 Re6 27.f4 Nf6 28.e5 N6d7 29.Nxd7 Nxd7
30.Bf2 Re8 31.Nc3 Nf8 32.Ne4 Be6 33.Qc3 Rbd8 34.Nd6 Re7 35.b5 Qb8 36.bxc6 bxc6
37.Qxc6 Rc7 38.Qb6 Nd7 39.Qa5 Bf8 40.Kh2 Be7  1-0

[Event "Sparkassen Open"]
[Site "Dortmund GER"]
[Date "2008.07.04"]
[Round "7"]
[White "Naundorf,M"]
[Black "Fox,J"]
[Result "1/2-1/2"]
[WhiteElo "2124"]
[BlackElo "1969"]

1.Nf3 Nf6 2.c4 g6 3.d4 Bg7 4.g3 O-O 5.Bg2 d6 6.O-O Nc6 7.Nc3 Bg4 8.h3 Bxf3
9.Bxf3 Nd7 10.e3 e5 11.dxe5 Ndxe5 12.Be2 Qd7 13.Kg2 Na5 14.Qd5 Qc6 15.Qxc6 bxc6
16.c5 d5 17.Rb1 Rfb8 18.Na4 Rb4 19.b3 Nec4 20.Nb2 Bxb2 21.Bxb2 Nxb2 22.Rxb2 Nc4  1/2-1/2

[Event "World Open"]
[Site "Philadelphia USA"]
[Date "2008.07.04"]
[Round "5"]
[White "Arnold,M"]
[Black "Heinis,V"]
[Result "1/2-1/2"]
[WhiteElo "2336"]
[BlackElo "2116"]

1.d4 Nf6 2.c4 g6 3.Nf3 Bg7 4.g3 O-O 5.Bg2 d6 6.O-O Nc6 7.Nc3 a6 8.b3 Rb8
9.Nd5 Bg4 10.Bb2 Qd7 11.Qd2 b5 12.Nxf6+ Bxf6 13.Rac1 b4 14.d5 Bxf3 15.Bxf3 Bxb2
16.Qxb2 Ne5 17.Bg2 Qf5 18.f4 Nd7 19.e4 Qf6 20.Qd2 Nc5 21.Rfe1 Rfe8 22.Bh3 e5
23.dxe6 Nxe6 24.e5 dxe5 25.Rxe5 Rbd8 26.Qe3 Ng7 27.Re1 Rxe5 28.fxe5 Qe7 29.Re2 Ne6
30.Bxe6 Rd1+ 31.Re1 Rxe1+ 32.Qxe1 Qc5+ 33.Qf2 Qxf2+ 34.Kxf2 fxe6 35.c5 c6
36.Ke3 Kf7 37.Kd3 a5 38.Kc2 h5 39.h3 g5 40.Kd3 Kg6 41.g4 hxg4 42.hxg4 Kf7
43.Kc2 Ke7 44.a3 bxa3 45.Kb1 Kd7 46.Ka1 Kc7 47.Ka2 Kb7 48.Kxa3 Ka7  1/2-1/2

[Event "Sparkassen Open"]
[Site "Dortmund GER"]
[Date "2008.07.05"]
[Round "8"]
[White "Kahleys,K"]
[Black "Neumair,C"]
[Result "1/2-1/2"]
[WhiteElo "1955"]
[BlackElo "1844"]

1.d4 Nf6 2.c4 g6 3.Nf3 Bg7 4.g3 O-O 5.Bg2 d6 6.O-O c5 7.Nc3 Na6 8.h3 Nc7
9.e4 e5 10.dxe5 dxe5 11.Qxd8 Rxd8 12.Be3 Be6 13.b3 b6 14.Rad1 Nfe8 15.Nh4 Rac8
16.Nd5 Bxd5 17.cxd5 Nb5 18.Rd2 Ned6 19.a4 Nd4  1/2-1/2

[Event "Volga Cup IM"]
[Site "Kostroma RUS"]
[Date "2008.07.05"]
[Round "4"]
[White "Svetlov,D"]
[Black "Yarysh,G"]
[Result "1-0"]
[WhiteElo "2306"]
[BlackElo "2304"]

1.d4 d6 2.Nf3 Nf6 3.c4 g6 4.g3 Bg7 5.Bg2 O-O 6.O-O Nc6 7.Nc3 Rb8 8.b3 a6
9.Nd5 b5 10.Nxf6+ Bxf6 11.cxb5 axb5 12.Bb2 Bg7 13.Qd2 Bb7 14.Rac1 e6 15.Rc2 Ne7
16.Rfc1 c6 17.Ne1 Qb6 18.e3 Rfd8 19.Nd3 Qa7 20.Qe1 Rbc8 21.Ba1 Rd7 22.Qb4 Nd5
23.Qe1 Ne7 24.Bc3 Qa8 25.Qe2 Nd5 26.Ba1 Ne7 27.e4 Rcd8 28.Re1 Qa7 29.e5 Nf5
30.Nb4 Nxd4 31.Bxd4 Qxd4 32.Nxc6 Bxc6 33.Bxc6 Ra7 34.exd6 b4 35.d7 Rc7 36.Rc4 Qb6
37.Qe4 Bd4 38.Rxd4 Qxc6 39.Qxc6 Rxc6 40.Rxb4 Rxd7 41.Re2 Rd3 42.a4 Rc5 43.Ra2 Rc1+
44.Kg2 Rcc3 45.Rb8+ Kg7 46.b4 g5 47.a5 g4 48.a6 Rc1 49.a7 Rdd1 50.f4 Rg1+
51.Kf2 Rce1 52.Re2 Rgf1+ 53.Ke3 Rb1 54.a8=Q Rb3+ 55.Kd4 Rd1+ 56.Kc4  1-0

[Event "5th Sth Wales Int"]
[Site "Trefforst WLS"]
[Date "2008.07.07"]
[Round "4"]
[White "Bennett,P"]
[Black "Davis,Le"]
[Result "1-0"]
[WhiteElo "2120"]
[BlackElo "2071"]

1.d4 Nf6 2.Nf3 g6 3.c4 d6 4.g3 Bg7 5.Bg2 O-O 6.O-O Nbd7 7.b3 e5 8.Bb2 exd4
9.Nxd4 Nc5 10.Nc3 a5 11.Qc2 Bg4 12.h3 Bd7 13.Rad1 Qc8 14.Kh2 a4 15.e4 axb3
16.axb3 Ne6 17.Nf3 Bc6 18.Rfe1 Re8 19.b4 b6 20.Rd2 Nf8 21.Rde2 N8d7 22.Nd2 Re7
23.e5 Bxg2 24.exf6 Nxf6 25.Kxg2 Qb7+ 26.f3 Rxe2+ 27.Rxe2 g5 28.Nde4 Nd7 29.Nd5 Ra2
30.Ne7+  1-0

[Event "60th ch-MNE Youth"]
[Site "Cetinje MNE"]
[Date "2008.07.09"]
[Round "3"]
[White "Andreev,Sa"]
[Black "Lekic,L"]
[Result "1-0"]
[WhiteElo "2021"]
[BlackElo "1613"]

1.d4 Nf6 2.Nf3 g6 3.c4 Bg7 4.g3 O-O 5.Bg2 d6 6.O-O c6 7.Nc3 Qb6 8.a3 Qa6
9.Nd2 e5 10.d5 cxd5 11.cxd5 Nbd7 12.b4 b6 13.Re1 Ne8 14.e4 f5 15.Bf1 Qb7
16.Bb5 Nb8 17.a4 a6 18.Be2 Nd7 19.Ra3 Ndf6 20.Nc4 Rb8 21.Be3 Nd7 22.f3 Qa8
23.a5 b5 24.Nb6 Nxb6 25.axb6 Qb7 26.Nxb5  1-0

[Event "5th Sth Wales Int"]
[Site "Trefforst WLS"]
[Date "2008.07.09"]
[Round "7"]
[White "Davis,Le"]
[Black "Brown,T"]
[Result "0-1"]
[WhiteElo "2071"]
[BlackElo "2195"]

1.d4 Nf6 2.g3 g6 3.Bg2 Bg7 4.Nf3 O-O 5.c4 d6 6.Nc3 Nbd7 7.O-O e5 8.e4 exd4
9.Nxd4 Re8 10.Re1 a6 11.h3 Rb8 12.Rb1 Ne5 13.b3 c5 14.Nc2 Qc7 15.Bb2 b5 16.Nd5 Nxd5
17.cxd5 c4 18.bxc4 bxc4 19.Re3 Bd7 20.f4 Rxb2 21.Rxb2 Nd3 22.Rb1 Ba4 23.Kh2 Qc5
24.Re2 Nb4 25.Bf1 Nxc2 26.Rxc2 Rxe4 27.Rb8+ Bf8 28.Qc1 Bxc2 29.Qxc2 Re1 30.Rb1 Rxb1
31.Qxb1 Qf2+ 32.Kh1 c3 33.Bxa6 c2 34.Qc1 Qf3+  0-1